Evaluación de productos biológicos, botánicos y químicos viñeta verde para el control de nematodos en cultivo de Tomate (Solanum lycopersicum) (Registro nro. 33528)

Detalles MARC
000 -CABECERA
Longitud fija campo de control 01136nam a22002297a 4500
003 - IDENTIFICADOR DELl NÚMERO DE CONTROL
Identificador del número de control OSt
005 - FECHA Y HORA DE LA ÚLTIMA TRANSACCIÓN
Fecha y hora de la última transacción 20240411062540.0
008 - CÓDIGOS DE INFORMACIÓN DE LONGITUD FIJA
Códigos de información de longitud fija 150408b2021 slv spa
040 ## - FUENTE DE LA CATALOGACIÓN
Centro transcriptor BMC
082 ## - NÚMERO DE LA CLASIFICACIÓN DECIMAL DEWEY
Númeroo de clasificación 333.7068
100 1# - PUNTO DE ACCESO PRINCIPAL-NOMBRE DE PERSONA
9 (RLIN) 41353
Nombre de persona Trujillo Rugamas, Javier Alejandro
245 10 - MENCIÓN DE TÍTULO
Título Evaluación de productos biológicos, botánicos y químicos viñeta verde para el control de nematodos en cultivo de Tomate (Solanum lycopersicum)
Resto del título : Investigación, informe final
Mención de responsabilidad, etc. Javier Alejandro Trujillo Rugamas, Luis Alonso Murgas Peñate, Hugo Mauricio Reyes Orellana
260 ## - PUBLICACIÓN, DISTRIBUCIÓN, ETC. (PIE DE IMPRENTA)
Lugar de publicación, distribución, etc. Santa Ana (El Salvador)
Nombre del editor, distribuidor, etc. Universidad Católica de El Salvador
Fecha de publicación, distribución, etc. 2022
300 ## - DESCRIPCIÓN FÍSICA
Extensión 58 h.
Dimensiones 28 cm
Otras características físicas + 1 disco compacto
500 ## - NOTA GENERAL
Nota general Precede al tít.: Universidad Católica de El Salvador, Facultad de Ingeniería y Arquitectura
502 ## - NOTA DE TESIS
Nota de tesis Para optar al título de Maestría en gerencia y gestión ambiental
650 24 - PUNTO DE ACCESO ADICIONAL DE MATERIA - TÉRMINO DE MATERIA
9 (RLIN) 6289
Término de materia o nombre geográfico como elemento inicial Gestión del medio ambiente
700 1# - PUNTO DE ACCESO ADICIONAL - NOMBRE DE PERSONA
9 (RLIN) 44149
Nombre de persona Murgas Peñate, Luis Alonso
700 1# - PUNTO DE ACCESO ADICIONAL - NOMBRE DE PERSONA
9 (RLIN) 41347
Nombre de persona Reyes Orellana, Hugo Mauricio
710 2# - PUNTO DE ACCESO ADICIONAL - NOMBRE DE ENTIDAD
Nombre de entidad o nombre de jurisdicción como elemento inicial Universidad Católica de El Salvador
Unidad subordinada Escuela de Posgrados
9 (RLIN) 19868
942 ## - ENTRADA DE ELEMENTOS AGREGADOS (KOHA)
Fuente de clasificaión o esquema Dewey Decimal Classification
Koha [por defecto] tipo de item 4- Trabajo de Graduación
Existencias
Suprimido Perdido Fuente de clasificación o esquema Estropeado Restricciones de uso No para préstamo Código de colección Localización permanente Localización actual Localización en estanter&íacute;as Fecha adquisición Fuente de adquisición Número de inventario Préstamos totales Signatura completa Código de barras Fecha última consulta Fecha último préstamo Fecha del precio de reemplazo Tipo de item de Koha
NULL NULL Dewey Decimal Classification NULL Prestable NULL NULL Biblioteca Miguel de Cervantes - UNICAES Biblioteca Miguel de Cervantes - UNICAES Sala Principal 17/10/2022 Donación - Javier Alejandro Trujillo Rugamas, Luis Alonso Murgas Peñate, Hugo Mauricio Reyes Orellana 000803 1 I-000803 1050020 16/12/2023 16/12/2023 11/11/2022 4- Trabajo de Graduación